The Devonian faunas of the northern Shan states. (Record no. 25550)

MARC details
000 -LEADER
fixed length control field 00908cam a22002411 4500
001 - CONTROL NUMBER
control field gs 15000617
003 - CONTROL NUMBER IDENTIFIER
control field DLC
005 - DATE AND TIME OF LATEST TRANSACTION
control field 20260227111318.0
008 - FIXED-LENGTH DATA ELEMENTS--GENERAL INFORMATION
fixed length control field 780407s1908 ii f 000 0 eng c
010 ## - LIBRARY OF CONGRESS CONTROL NUMBER
LC control number gs 15000617
035 ## - SYSTEM CONTROL NUMBER
System control number (OCoLC)3788989
040 ## - CATALOGING SOURCE
Original cataloging agency Library, U. S. Geological Survey
Transcribing agency GU
Modifying agency GU
-- DLC
042 ## - AUTHENTICATION CODE
Authentication code premarc
050 00 - LIBRARY OF CONGRESS CALL NUMBER
Classification number QE756.I4
Item number A4 vol.2, no.5
100 1# - MAIN ENTRY--PERSONAL NAME
Personal name Reed, F. R. C.
Fuller form of name (Frederick Richard Cowper),
Dates associated with a name 1869-
245 14 - TITLE STATEMENT
Title The Devonian faunas of the northern Shan states.
Statement of responsibility, etc. Plates I to XX. [By R. F. Cowper Reed]
260 ## - PUBLICATION, DISTRIBUTION, ETC.
Place of publication, distribution, etc. Calcutta,
Name of publisher, distributor, etc. Office of the Geological Survey,
Date of publication, distribution, etc. 1908.
300 ## - PHYSICAL DESCRIPTION
Extent 163 p., 20 l.
Other physical details XX pl.
Dimensions 35 cm.
490 0# - SERIES STATEMENT
Series statement India (Republic). Geological Survey. Memoirs. Palaeontologia Indica, n.s.,
Volume/sequential designation v. 2, no. 5
500 ## - GENERAL NOTE
General note At head of title: Memoirs of the Geological Survey of India.
650 #0 - SUBJECT ADDED ENTRY--TOPICAL TERM
Topical term or geographic name entry element Paleontology
Geographic subdivision India.
650 #0 - SUBJECT ADDED ENTRY--TOPICAL TERM
Topical term or geographic name entry element Paleontology
Chronological subdivision Devonian.

No items available.

Powered by Koha